Twenty Five Suttas from Majjhimapannasa (Record no. 13294)

MARC details
000 -LEADER
fixed length control field 00626nam a2200253 a 4500
020 ## - INTERNATIONAL STANDARD BOOK NUMBER
ISBN 8170307
082 00 - DEWEY DECIMAL CLASSIFICATION NUMBER
Classification number 294.38
Author Cutter SRI
245 ## - TITLE STATEMENT
Title Twenty Five Suttas from Majjhimapannasa
260 ## - PUBLICATION, DISTRIBUTION, ETC. (IMPRINT)
Place of publication Delhi
Name of publisher Sri Satguru
Year of publication 1991
300 ## - PHYSICAL DESCRIPTION
Number of Pages 291p
500 ## - GENERAL NOTE
General note includes index and biblioraphy
505 2# - FORMATTED CONTENTS NOTE
Formatted contents note Index
650 ## - SUBJECT ADDED ENTRY--TOPICAL TERM
Topical Term Buddhism-Sources
650 ## - SUBJECT ADDED ENTRY--TOPICAL TERM
Topical Term Suttas-Buddhism
650 ## - SUBJECT ADDED ENTRY--TOPICAL TERM
Topical Term Majjhimapannasa
942 ## - ADDED ENTRY ELEMENTS (KOHA)
Koha item type Books
Holdings
Collection code Home library Current library Date acquired Cost, normal purchase price Full call number Accession Number Koha item type
  Henry Martyn Institute Library Henry Martyn Institute Library 07/20/2007 300.00 294.38 SRI 019163 Books
                   Copyright © 2026 | Henry Martyn Institute | Hyderabad | TS-500052 | INDIA | Implemented by hmi.edu.in
Hit-Count:

Powered by Koha